Statistiken für Österreichische Bezirke die an Ungarn grenzen

Klicken Sie hier um das Quiz zu spielen!

Allgemein

  • Dieses Quiz wurde 34 mal gespielt
  • Das Durchschnittsergebnis liegt bei 6 aus 7

Antworten auf der Karte

Die Antworten werden auf der Karte rot bzw. grün angezeigt, abhängig davon wie oft sie richtig erraten wurden.
 

Antwortstatistiken

Bezirk% Korrekt
Neusiedl am See
96%
Jennersdorf
89%
Mattersburg
89%
Oberwart
89%
Eisenstadt-Umgebung
86%
Oberpullendorf
86%
Güssing
82%

Verteilung der Resultate

Perzentil nach korrekt beantworteten Fragen

Anzahl Personen mit jedem Resultat

Ihre Resultats-Entwicklung

Sie haben dieses Quiz noch nicht gespielt